000 01357nam a2200325 i 4500
003 DO-SdBNP
005 20260205110706.0
007 ta
008 250610b200- dr ab||| |||| 00| 0 spa d
040 _aDO-SdBNP
_bspa
_cBNPHU
_erda
041 _aspa
082 4 _axxx
_bR426m
_222
110 1 _aRepública Dominicana
_eCentro de Solidaridad para el Desarrollo de la Mujer
_91150
245 1 0 _aDos décadas :
_bimpulsando el empoderamiento, el liderazgo, la articulación y la incidencia política por el pleno ejerccio de los derechos de las mujeres y a favor de la equidad de género /
_ctextos ; Elsa Mata, Josefina Arvelo, Graciela de la Cruz, Ramona Beltré y Nelly Chalas
264 1 _aSanto Domingo :
_bCE-MUJER,
_c200?.
300 _a85 páginas :
_bilustraciones, retratos ;
_c22 cm.
336 _atexto
_btxt
_2txt
337 _asin mediación
_bn
_2rdamedia
338 _avolumen
_bnc
_2rdacarrier
590 _aInventariado, 2025/BT
650 0 _aInformes técnicos
_xRedacción
_97867
700 1 _aMata, Elsa,
_etextos
_981803
700 1 _aArvelo, Josefina,
_etextos
_988039
700 1 _aCruz, Graciela de la,
_etextos
_92088
700 1 _aBeltré, Ramona,
_etextos
_988040
700 1 _aChalas, Nelly,
_etextos
_92570
710 _aSecretaría de Estado de la Juventud (República Dominicana)
_965166
910 _aBtavárez
942 _2ddc
_cLBS1
999 _c59206
_d59206